[Event "Dundee op"]
[Site "Dundee"]
[Date "2004.10.24"]
[Round "4"]
[White "Clapham, Robert"]
[Black "MacConnell, D."]
[Result "1-0"]
[WhiteElo "1995"]
[BlackElo "1718"]
[PlyCount "111"]
[EventDate "2004.10.22"]
[EventType "swiss"]
[EventRounds "5"]
[EventCountry "SCO"]
[SourceTitle "EXT 2006"]
[Source "ChessBase"]
[SourceDate "2005.11.24"]
[SourceVersion "1"]
[SourceVersionDate "2005.11.24"]
[SourceQuality "1"]

1. d4 c6 2. Nf3 d5 3. e3 Nf6 4. Bd3 Bg4 5. Nbd2 Nbd7 6. h3 Bh5 7. g4 Bg6 8. Ne5 Nxe5 9. dxe5 Bxd3 10. cxd3 Nd7 11. d4 e6 12. Nf3 Bb4+ 13. Bd2 Qe7 14. Qb3 Bxd2+ 15. Nxd2 Rb8 16. Qa4 a6 17. b4 Nb6 18. Qb3 g6 19. h4 h6 20. Ke2 Kd7 21. a4 Rhc8 22. Qc3 Kd8 23. g5 h5 24. Qc5 Nd7 25. Qxe7+ Kxe7 26. Rhc1 Ra8 27. Nb3 b6 28. a5 b5 29. Rc2 Rc7 30. Rac1 Rac8 31. e4 Kd8 32. f4 Nb8 33. f5 Nd7 34. fxg6 fxg6 35. Ke3 Ke7 36. exd5 exd5 37. Nc5 Nxc5 38. Rxc5 Ke6 39. Rf1 Rf7 40. Rf6+ Rxf6 41. gxf6 Kf7 42. Kf4 Rc7 43. Kg5 Rc8 44. Rc2 Rc7 45. Re2 Ke6 46. Kxg6 Rc8 47. f7 Ke7 48. Rf2 Rf8 49. Rf6 Kd7 50. Kg7 Ke7 51. Re6+ Kxe6 52. Kxf8 c5 53. bxc5 b4 54. Ke8 b3 55. f8Q b2 56. Qf6# 1-0

[Event "Dundee op"]
[Site "Dundee"]
[Date "2004.10.24"]
[Round "5"]
[White "MacConnell, D."]
[Black "Mooney, Graham"]
[Result "1-0"]
[WhiteElo "1718"]
[BlackElo "1835"]
[PlyCount "50"]
[EventDate "2004.10.22"]
[EventType "swiss"]
[EventRounds "5"]
[EventCountry "SCO"]
[SourceTitle "EXT 2006"]
[Source "ChessBase"]
[SourceDate "2005.11.24"]
[SourceVersion "1"]
[SourceVersionDate "2005.11.24"]
[SourceQuality "1"]

1. d4 Nf6 2. Nf3 g6 3. e3 Bg7 4. Bd3 c5 5. b3 cxd4 6. exd4 0-0 7. 0-0 d5 8. Ne5 Be6 9. f4 Ne4 10. Qe2 Nc6 11. c3 Nd6 12. Ba3 Rc8 13. g4 f6 14. Nxc6 Qd7 15. f5 gxf5 16. gxf5 Nxf5 17. Bxf5 Rxc6 18. Bxe6+ Rxe6 19. Qf3 Bh6 20. Bc1 Bxc1 21. Rxc1 Rf7 22. Nd2 f5 23. Kh1 f4 24. Rg1+ Kh8 25. Qg4 Qe8 1-0

[Event "Dundee op"]
[Site "Dundee"]
[Date "2004.10.23"]
[Round "2"]
[White "Tate, Alan"]
[Black "MacConnell, D."]
[Result "1-0"]
[WhiteElo "1896"]
[BlackElo "1718"]
[PlyCount "55"]
[EventDate "2004.10.22"]
[EventType "swiss"]
[EventRounds "5"]
[EventCountry "SCO"]
[SourceTitle "EXT 2006"]
[Source "ChessBase"]
[SourceDate "2005.11.24"]
[SourceVersion "1"]
[SourceVersionDate "2005.11.24"]
[SourceQuality "1"]

1. e4 c6 2. d4 d5 3. f3 Nd7 4. Be3 dxe4 5. fxe4 e5 6. Nf3 exd4 7. Qxd4 Be7 8. Bc4 Qa5+ 9. c3 Bf6 10. Qd3 Ne7 11. Nbd2 0-0 12. 0-0 Ng6 13. Qc2 Nde5 14. Nxe5 Nxe5 15. b4 Qd8 16. Bd4 Nxc4 17. Rxf6 Nxd2 18. Qxd2 Qd7 19. Raf1 Qg4 20. R6f3 Qh5 21. Rg3 g6 22. Qf4 f6 23. Bxf6 Rf7 24. Qd6 Bd7 25. Be7 Be8 26. Rgf3 Qg4 27. Rf4 Qe2 28. Qe6 1-0